[Event "Linares 18th"]
[Site "Linares"]
[Date "2001.03.04"]
[Round "8"]
[White "Kasparov, Garry"]
[Black "Shirov, Alexei"]
[Result "1-0"]
[WhiteElo "2849"]
[BlackElo "2718"]
[Annotator "Ftacnik,L"]
[PlyCount "75"]
[EventDate "2001.02.23"]
[EventType "tourn"]
[EventRounds "10"]
[EventCountry "ESP"]
[EventCategory "19"]
[SourceTitle "CBM 082"]
[Source "ChessBase"]
[SourceDate "2001.05.17"]
[SourceVersion "1"]
[SourceVersionDate "2001.05.17"]
[SourceQuality "1"]

1. e4 e5 2. Nf3 Nc6 3. Bb5 a6 4. Ba4 Nf6 5. O-O Nxe4 6. d4 b5 7. Bb3 d5 8. dxe5
Be6 9. Nbd2 Nc5 10. c3 d4 11. Ng5 Qxg5 12. Qf3 O-O-O 13. Bxe6+ fxe6 14. Qxc6
Qxe5 15. b4 Qd5 16. Qxd5 exd5 17. bxc5 dxc3 18. Nb3 d4 19. Ba3 g6 {This
variation is not for fainthearted, black is hoping at the compensation for the
piece due to the strong central pawns c3-d4.} (19... Be7 20. Bb4 Bf6 21. a4 Kd7
22. axb5 axb5 23. Ra6 (23. Rfd1 Ke6 24. Rac1 Rd5 25. Rd3 c6 26. Ra1 (26. f3 Ra8
27. Re1+ Kf7 28. Ra1 Rxa1+ 29. Nxa1 Rd8 30. Nc2 Ra8 {0-1 Harley,A-Morris,P/
Stockholm/1994/ (31)}) 26... Kf7 27. Kf1 Re8 28. Re1 Ra8 29. Ra1 Rxa1+ 30. Nxa1
Rd8 {1/2-1/2 Harley,A-Ernst,T/London/1991/ (48)}) 23... c6 24. Rd1 Ke6 25.
Rxc6+ Kd5 26. Rxf6 Kc4 27. Rd6 Rxd6 28. cxd6 Kxb4 (28... Kxb3 29. Rxd4 Kb2 30.
Kf1 c2 31. Bd2 {1-0 Dimitrov,V-Korneev,O/Linares/1996/ (54)}) 29. Nxd4 Kc4 30.
d7 b4 31. Nc2 Rd8 32. Rd4+ Kc5 33. Rxb4 Rxd7 34. Rb1 {1-0 McDonald,N-Morris,P/
London/1994/ (37)}) (19... c2 20. Bb4 g6 21. a4 bxa4 22. Rxa4 Bg7 23. Rxa6 Kb7
24. Ra2 Kc6 25. Rxc2 d3 26. Ra2 Rb8 27. Na5+ Kd5 28. Bd2 Rb5 29. Ra3 {1-0
Cunningham,R-Vucic,M/Philadelphia/1992/ (29)}) 20. Bb4 Bg7 21. a4 Kd7 (21... d3
22. axb5 d2 23. bxa6 c2 24. Nxd2 Bxa1 25. Rxa1 Rhe8 26. Rc1 Re4 27. Bc3 Rc4 28.
a7 Kb7 29. Rxc2 Rd3 30. Ra2 Ka8 31. Kf1 Rcxc3 {0-1 Berry,N-Eynon,D/Grangemouth/
1999/ (44)}) 22. axb5 axb5 23. Rfd1 (23. Rad1 Ke6 24. Rfe1+ (24. Rd3 Kd5 25.
Na5 Ra8 26. Bxc3 Ke4 27. Rfd1 dxc3 28. Re3+ Kf5 {0-1 Sargissian,G-Danilovic,A/
Moscow/1997/ (55)}) 24... Kd5 25. Bxc3 Kc4 26. Ba5 Kxb3 27. Rb1+ Kc4 28. Rec1+
Kd5 29. c6 Kd6 30. Rxb5 {1-0 Shirov,A-Timman,J/Wijk aan Zee/1996/ (49)}) 23...
Ke6 24. Rac1 Rhe8 {Novelty that will be hard pressed to find any followers.
Black has to use strong meassures to breath life into the pawn chain. The move
24...Rd5!? could well have been more unpleasant for Kasparov.} (24... Rd5 $5
25. Ba5 (25. Rd3 $5) (25. c6 $5) 25... Ra8 26. Rd3 Rxa5 27. Nxa5 Rxc5 28. Kf1
b4 29. Nb3 Rd5 (29... Kd5 $3 30. Nxc5 Kxc5) 30. Ra1 $14 {1-0 Van den Doel,
E-Timmermans,I/Deizisau/1999/ (39)}) 25. Kf1 Kf5 26. c6 $1 g5 (26... Re6 $2 27.
Bxc3 Rxc6 28. Bb2 $18) 27. Ba5 Rd6 (27... Re7 28. Bxc3 $18) 28. Bb4 (28. Bxc7
Rxc6 29. Ba5 Rc4 $15) 28... Rdd8 29. Rd3 $1 g4 (29... Ke4 30. Rcd1 Bf6 (30...
c2 31. R1d2 c1=Q+ 32. Nxc1 Re6 33. Be7 Rg8 (33... Rxc6 34. Bxd8 Rxc1+ 35. Ke2
$18) 34. Rb3) 31. Nxd4 Bxd4 (31... Rxd4 32. Rxd4+ Bxd4 33. Re1+ $18) 32. Bxc3
Bxc3 33. f3+ Kf4 34. Rxd8 $18) 30. Bc5 Ke4 31. Rcd1 (31. Bxd4 $2 Bxd4 32. Rxd4+
Rxd4 33. Re1+ Kd5 34. Rxe8 Rb4 35. Nc1 Rb1 36. Re1 b4 $17) 31... h5 (31... Rd5
32. Bxd4 c2 (32... Bxd4 33. Nxd4 Red8 34. Re3+ Kf4 35. Ne2+ $18) 33. Re3+ Kf5
34. Rde1 Rxe3 35. fxe3 $18) (31... c2 32. R1d2 Bh6 33. f3+ $18) 32. Nxd4 $1 {
[%mdl 2048] Black dreams about strong counterplay are dying with the pawn d4.
With the exact white's play the whole black's queenside will be eliminated.} b4
(32... Bxd4 33. Rxd4+ Rxd4 34. Rxd4+ Kf5 35. Rd3 $18) 33. Re3+ Kd5 (33... Kf4
34. Rxe8 Rxe8 35. Bxb4 $18) 34. Bxb4 (34. Ne6+ $2 Kc4 $1 35. Rxd8 Rxd8 36. Nxd8
c2 $1 37. Re1 Kxc5 38. Ne6+ Kb6 $15) 34... Kc4 (34... Bxd4 35. Bxc3 Re4 36. Ke2
(36. Rxe4 Kxe4 37. f3+ gxf3 38. gxf3+ Ke3 39. f4 $16) 36... Rd6 37. Rxe4 Kxe4
38. f3+ gxf3+ 39. gxf3+ Ke5 40. Rxd4 Rxd4 41. Ke3 $18) 35. Bxc3 Rxe3 36. fxe3
Rf8+ (36... Kxc3 37. Ne2+ $18) 37. Ke2 Kxc3 38. Ne6 {The number of pieces has
leveled, but black has not a shade of compensation for two pawns.} (38. Ne6 Rg8
(38... Rf7 39. Rd7 $18) 39. Nxc7 $18) 1-0

[Event "Zuerich Kortschnoj-A"]
[Site "Zuerich"]
[Date "2001.04.28"]
[Round "2"]
[White "Kasparov, Garry"]
[Black "Piket, Jeroen"]
[Result "1-0"]
[WhiteElo "2827"]
[BlackElo "2628"]
[Annotator "Gershon,A"]
[PlyCount "61"]
[EventDate "2001.04.28"]
[EventType "tourn"]
[EventRounds "5"]
[EventCountry "SUI"]
[EventCategory "14"]
[SourceTitle "CBM 083"]
[Source "ChessBase"]
[SourceDate "2001.07.05"]
[SourceVersion "1"]
[SourceVersionDate "2001.07.05"]
[SourceQuality "1"]

{[%mdl 36]} 1. e4 c5 2. Nf3 Nc6 3. Nc3 e5 4. Bc4 Be7 5. d3 d6 6. Nd2 Nf6 7. Nf1
Na5 {A novelty according to my database} (7... Be6 8. Ne3 a6 9. a3 O-O 10. O-O
Re8 11. Ncd5 b5 12. Ba2 Rc8 13. c3 Nb8 14. a4 Nbd7 15. Qf3 $14 {1/2-1/2
Psakhis,L-Sanchez,J/Ubeda ESP 2001/The Week in Chess 326 (28)}) (7... O-O 8.
Ne3 Nd4 (8... a6 9. a4 Rb8 10. O-O Be6 11. Ned5 Na5 12. Ba2 Nxd5 13. Nxd5 Bg5
14. f4 exf4 15. c3 Nc6 16. Bxf4 Bxf4 17. Rxf4 Ne7 18. Qh5 Bxd5 19. Bxd5 Nxd5
20. Qxd5 $14 {1-0 Salmensuu,O-Bekker Jensen,D/Gausdal 2000/CBM 77 ext (32)}) 9.
O-O Be6 10. a4 Rb8 11. Bd2 (11. Ncd5 Nxd5 12. Nxd5 Bg5 13. Be3 h6 14. Kh1 Kh8
15. c3 Nc6 16. Qh5 g6 17. Qe2 Kg7 18. g3 Bh3 19. Rg1 h5 20. f4 $36 {1-0 Adams,
M-Rabiega,R/Frankfurt 2000/CBM 76 ext (57)}) 11... h6 12. Kh1 Rc8 13. g3 Nc6
14. Ncd5 Qd7 15. c3 Bd8 16. f4 Bh3 17. Rg1 Ng4 18. Qe2 Nxe3 19. Bxe3 Be6 20. f5
Bxd5 21. Bxd5 $16 {1-0 Yakovich,Y-Bekker Jensen,D/Gausdal 2000/CBM 77 ext (37)}
) ({the main variaiton here is:} 7... Bg4) 8. Ne3 Nxc4 9. dxc4 {White always
has a long term small advantage in this line. It's interesting to watch how
world's No.1 hadles such a position.} O-O 10. Qf3 {[%csl Re4][%cal Gc3d5,Yf3e4,
Gg2g5,Gh2h4,Gc1d2,Ye1c1] Preparing to play on the K side.} g6 (10... Be6 $142 {
[%cal Ga7a6,Ga8b8,Gb7b5] perhaps it would be better not to touch the K side
pawns.}) 11. g4 {Begining to assault} Be6 12. h4 Qd7 (12... a6 $5 13. h5 (13.
a4 b5 14. cxb5 axb5 15. g5 (15. Nxb5 d5 $5 {[%csl Re1]} 16. exd5 Nxd5 {[%csl
Rh4] yielding black nice compensation for the P}) 15... Nh5 16. Nxb5 f6 $44)
13... b5 14. Ncd5 (14. cxb5 axb5 $132) 14... bxc4 15. g5 Nxh5 16. Nf5 Bxf5 17.
Nxe7+ Qxe7 18. exf5 Nf4 19. f6 Qe6 20. Bd2 $40 {[%cal Gh1h6,Ge1c1]}) 13. Rg1
Kh8 14. a4 $1 {no counterplay. Black has waitied too much, and no he is
completely deprieved of counterplay} Rg8 15. b3 {[%cal Gc1b2,Ge1c1]} Raf8 16.
Bb2 {[%cal Yb2h8]} h5 (16... Ne8 {[%cal Gf7f5]} 17. O-O-O {[%cal Gc3d5]
nothing black would do can change white's plan now}) 17. g5 Nh7 18. Qg3 $16 {
[%cal Gf2f4]} f6 19. f4 fxg5 (19... exf4 $2 20. Qxf4 {[%cal Gc3d5]} fxg5 21.
Ncd5+ Rg7 22. Qg3 Bd8 (22... Bf6 23. Nxf6 Nxf6 24. Qxg5 $18) 23. O-O-O $18) 20.
fxg5 Rg7 21. O-O-O a6 22. Ncd5 Bd8 23. Rd3 $1 {[%csl Rd6][%cal Gg1d1] The 'd6'
pawn in the key to black's position. Once it's gone his position will collapse
in two moves.} Qf7 (23... Rgf7 $2 24. Nb6 $3 Bxb6 25. Rxd6 $1 Qxd6 $8 (25...
Qc7 26. Qxe5+ $18) 26. Bxe5+ Qxe5 27. Qxe5+ Rg7 28. Qxe6 $18) 24. Rf1 Qe8 25.
Nf6 $1 Qc6 {the N is untouchable} (25... Nxf6 26. gxf6 Bxf6 27. Rxd6 {[%csl
Re5]} Qe7 28. Rxf6 Qxf6 (28... Rxf6 29. Qxe5 $18) 29. Bxe5 $18) (25... Bxf6 26.
gxf6 Rxf6 27. Rxf6 Nxf6 28. Rxd6 Nxe4 (28... Nd7 29. Bxe5 Nxe5 30. Qxe5 $18)
29. Qxe5 $18) 26. Rfd1 Bc7 27. Nfd5 Bb8 (27... Bd8 28. Nb4 $1 cxb4 (28... Qxe4
29. Rxd6 $18) 29. Rxd6 Qxe4 30. Rxe6 $18) 28. a5 {White's not in hurry.
Black's position is solid, but extremely passive.} Kg8 {removing to K form the
annoying confrontation against white's B} (28... Rgf7 29. Bc3 (29. Nc7 $4 {
Immediately, doesn't work because of the placeing of white's K} Bxc7 30. Rxd6
Bxd6 31. Rxd6 Rf1+ $1 32. Nxf1 Rxf1+ 33. Kd2 Qxd6+ $19 {[%cal Gd6d2]}) 29...
Rf3 30. Qg1 R3f7 31. Kb2) 29. Bc3 Rgf7 30. Kb2 Rf4 $4 {a blunder in bad
position and, what i guess, was a serious time trouble.} (30... Kh8 31. Nc7 $1
Bxc7 32. Rxd6 Bxd6 (32... Qxe4 33. Qxe5+ Qxe5 34. Bxe5+ Kg8 35. Rxe6 Bxe5+ 36.
Rxe5 Rf4 37. Rh1 $18) 33. Rxd6 Qxd6 34. Bxe5+ Kg8 35. Bxd6 $18 {[%csl Rg8,Rh7]}
) (30... Qe8 $142 31. Nf6+ Nxf6 32. gxf6 Rxf6 33. Rxd6 Bxd6 34. Rxd6 Bg4 35.
Rxf6 Rxf6 36. Nd5 Rf7 37. Bxe5 $18) 31. Ne7+ 1-0

[Event "Zuerich Kortschnoj-A"]
[Site "Zuerich"]
[Date "2001.04.28"]
[Round "4"]
[White "Pelletier, Yannick"]
[Black "Kasparov, Garry"]
[Result "0-1"]
[WhiteElo "2531"]
[BlackElo "2827"]
[Annotator "Ribli,Z"]
[PlyCount "82"]
[EventDate "2001.04.28"]
[EventType "tourn"]
[EventRounds "5"]
[EventCountry "SUI"]
[EventCategory "14"]
[SourceTitle "CBM 083"]
[Source "ChessBase"]
[SourceDate "2001.07.05"]
[SourceVersion "1"]
[SourceVersionDate "2001.07.05"]
[SourceQuality "1"]

1. Nf3 d5 2. d4 Nf6 3. c4 e6 4. Nc3 dxc4 {Das ist eine große Überraschung -
bislang spielte der "stärkste Spieler der Welt" nie diese Fortsetzung. Mit
Weiß hat Kasparov diese Variante allerdings schon oft gespielt.} 5. e4 (5. e3 {
Dieser Zug ist weniger ambitioniert. Kramnik spielte so gegen Kasparov im
Finale desselben Turniers.}) 5... Bb4 6. Bg5 c5 7. Bxc4 cxd4 8. Nxd4 Qa5 {
Kasparov folgt der u.a. von Morozevich propagierten Spielweise und nimmt nicht
sofort auf c3.} (8... Bxc3+ 9. bxc3 Qa5) 9. Bd2 (9. Bxf6) (9. Bb5+) 9... Qc5 (
9... O-O) 10. Bb5+ Nbd7 $5 {Dieser logische Zug ist eine theoretische Neuerung.
Die Hauptidee des Zugs ist, anschließend a6 zu spielen und den Bb5 zu verjagen.
} (10... Bd7 11. Nb3 Qe7 12. Bd3 (12. Qe2 Bxb5 (12... O-O 13. Bd3 e5 $5 14. a3
Bxc3 15. Bxc3 Nc6 $11 {1/2-1/2 Sokolov,I-Dizdar,G/Dresden 1998/CBM 65/[Ribli] 
(42)}) 13. Qxb5+ Nc6 14. Nd4 Rc8 15. Nxc6 Rxc6 16. O-O a6 17. Qg5 O-O 18. a3
Bc5 19. Be3 h6 20. Qg3 Bxe3 21. Qxe3 Qc7 22. h3 {1-0 Azmaiparashvili,
Z-Morozevich,A/Shenyang 2000/CBM 79 no vc (51)}) (12. O-O Bxb5 $5 (12... Bxc3
13. Bxd7+ Nbxd7 14. Bxc3 O-O 15. Qe2 $14) 13. Nxb5 Bxd2 14. Qxd2 O-O 15. Qd6
Nc6 $11) 12... Nc6 13. a3 Bd6 14. O-O O-O (14... Rd8 15. f4 $14 {1/2-1/2
Topalov,V-Polgar,J/Wijk aan Zee 1998/CBM 63/[Ribli] (38)}) 15. f4 e5 16. f5 Nd4
17. Bg5 Bc6 18. Nd2 (18. Bc4 Nxb3 19. Qxb3 Rad8 20. Kh1 Bc5 21. Nd5 Bxd5 22.
Bxd5 Rd6 23. Rac1 Bd4 24. Rc2 {1-0 Cramling,P-Zhu Chen/Shenyang 2000/CBM 79/
[Hecht] (55)}) 18... b5 (18... Rfd8 19. Kh1 $1 {1-0 Bacrot,E-Fressinet,L/
Meribel 1998/CBM 67/[Ribli] (44)}) 19. Nd5 Bxd5 20. exd5 Bc5 21. Kh1 Rfd8 22.
Ne4 {1-0 Nikolic,P-Lautier,J/Monte Carlo 1998/CBM 63 ext (32)}) 11. Nb3 Qb6 12.
Qe2 (12. Bxd7+ $6 Bxd7 13. e5 Bxc3 14. Bxc3 Nd5 $15) 12... a6 13. Bd3 (13.
Bxd7+ Bxd7 14. e5 Nd5 $5 (14... Bxc3 15. bxc3 $5 (15. Bxc3 Nd5) 15... Nd5 16.
c4 Ne7 17. O-O O-O (17... Nf5 18. Ba5 $14) 18. Bb4 $36) 15. Ne4 (15. Nxd5 exd5
$15 {[%cal Gd7b5,Gb5e2]} 16. O-O $6 Bb5 17. Qg4 Bxf1 18. Qxg7 Qg6 (18... O-O-O
19. Qg4+ Kb8 20. Qxb4 Qxb4 21. Bxb4 Bd3 $15) 19. Qxg6 (19. Qxh8+ $2 Kd7 $19 {
[%csl Rg2,Rh8][%cal Rg6g2,Ra8h8]}) 19... hxg6 20. Bxb4 Bb5 $17) (15. O-O Bxc3 (
15... Nxc3 16. bxc3 Bb5 17. c4 Bc6 $11 18. c5 $6 Bxc5 19. Ba5 Qa7 20. Nxc5 Qxc5
21. Bc7 $2 Bb5 $19) (15... Bc6 $5 $11) 16. bxc3 $14) 15... O-O $11) 13... Ne5
14. O-O (14. Bc2) (14. Bb1 Bd7 15. f4 Ng6 $11 (15... Bxc3 16. Bxc3 Bb5 17. Qf2
Nd3+ 18. Bxd3 Qxf2+ 19. Kxf2 Bxd3 20. Bxf6 gxf6 21. Nc5 O-O-O 22. Ke3 Bb5 23.
a4 $14)) 14... O-O (14... Bd7 $5 {Dieser Zug scheint mir logischer - früher
oder später muss Schwarz den Läufer entwickeln. Auf diese Weise verhindert
Schwarz auch das mögliche 15.Na4.} 15. Rfd1 O-O (15... Nxd3 $6 {Dieser Zug
wirkt auf den ersten Blick logisch, weil sich Schwarz damit das Läuferpaar
verschafft. In der Folge jedoch bekommt Weiß aktives Spiel im Zentrum.} 16.
Qxd3 Bc6 17. e5 $1 (17. Qg3 $2 Bxc3 18. Bxc3 Nxe4 19. Qxg7 Qxf2+ 20. Kh1 Nxc3 (
20... Ke7 $4 21. Bb4+ $18) 21. bxc3 (21. Qxh8+ Ke7 {[%cal Ra8h8,Rf2g2]} 22. Qg7
Nxd1 23. Rxd1 Bd5 $17) 21... Ke7 $17) 17... Nd5 (17... Nd7 18. Qg3 O-O-O 19.
Rac1 $36) (17... Bxc3 18. Bxc3 Nd5 19. Bd4 Qc7 20. Qg3 $14 {[%csl Yd6][%cal
Gd4c5,Gc5d6]}) 18. Ne4 Be7 19. Qg3 $36) 16. Rac1 $11) 15. Rac1 Bd7 16. Bg5 $2 {
[%mdl 8192] Dieser Zug ist nur scheinbar aktiv. In der Folge erhält Schwarz
das bessere Spiel.} (16. Rfd1 $5 Nxd3 (16... Bc6) 17. Qxd3 Bc6 18. Qg3 $5 {
Das ist interessant: Schwarz hat das Läuferpaar, und es scheint, als habe er
keine Schwächen. Doch seine Qb6 steht schlecht, und Weiß hat etwas Initiative.
Nach dem Textzug droht 19.Bh6, und da die Qg3 hat das Feld c7 unter ihrer
Kontrolle hat, droht auch 19.Be3.} Rfc8 (18... Nxe4 $2 19. Nxe4 Bxe4 20. Bxb4
Qxb4 21. Rd4 $18) (18... Bxe4 $2 19. Be3 {[%csl Rb6][%cal Re3b6]} Qc6 20. Nxe4
Nxe4 (20... Qxe4 21. Rd4 $18 {[%cal Rd4b4,Rd4e4]}) 21. Qf3 $18 {[%csl Re4]})
19. Bh6 Ne8 20. Be3 Qc7 $11) 16... Nxd3 17. Qxd3 Bxc3 $1 {Die weiße Dame steht
schlecht auf d3, daher gibt es immer Motive mit Bd7-b5.} 18. Bxf6 (18. bxc3 Qb5
$1 19. Qxb5 (19. Qe3 Nxe4 $1) 19... Bxb5 20. Rfe1 Rac8 $15) 18... Bxf6 19. Qxd7
Bxb2 $17 {Schwarz hat einen Mehrbauern. Weiß besitzt zwar etwas Initiative,
aber keine ausreichende Kompensation.} 20. Rc7 (20. Qc7 Qxc7 21. Rxc7 b5 $17)
20... Rab8 {Schwarz verteidigt den Pb7 und verjagt anschließend mit Bb2-e5 den
aktiven Rc7.} 21. Rb1 Be5 22. Rcc1 Rfd8 23. Qa4 Rbc8 {Weiß hat nichts für den
Bauern, im Gegenteil, Schwarz steht aktiver.} 24. g3 Rxc1+ 25. Rxc1 g6 {
Schwarz muss sich nicht beeilen - mit dem Textzug verschafft er sich ein
Luftloch..} 26. Qa5 (26. Rc2 $17) 26... Bd4 27. Qxb6 (27. Rc2 $17) 27... Bxb6
28. Rc2 Kg7 29. Kf1 Rd1+ 30. Ke2 $2 (30. Kg2 $17) 30... Rh1 31. h4 Bxf2 $1 $19
{[%mdl 1024] Mit dieser kleinen Kombination gewinnt Schwarz weiteres Material.}
32. Rc7 (32. Kxf2 Rh2+ $19 {[%cal Rh2c2]}) 32... Bxg3 33. Rxb7 Rxh4 {Mit drei
Mehrbauern steht Schwarz klar auf Gewinn.} 34. Nc5 Kf6 (34... Bd6 35. Nxe6+ Kf6
$19) 35. Kf3 Bd6 36. Nd7+ Kg7 37. Rb6 Rh3+ 38. Ke2 (38. Kg2 Rd3 $19) 38... Bf4
39. Nc5 (39. Rxa6 Re3+ $19) 39... Re3+ 40. Kf1 Rc3 41. Nxa6 Ra3 0-1

[Event "Astana"]
[Site "Astana"]
[Date "2001.05.20"]
[Round "1"]
[White "Shirov, Alexei"]
[Black "Kasparov, Garry"]
[Result "0-1"]
[WhiteElo "2722"]
[BlackElo "2827"]
[Annotator "Ftacnik,L"]
[PlyCount "74"]
[EventDate "2001.05.20"]
[EventType "tourn"]
[EventRounds "10"]
[EventCountry "KAZ"]
[EventCategory "20"]
[SourceTitle "CBM 084"]
[Source "ChessBase"]
[SourceDate "2001.09.13"]
[SourceVersion "1"]
[SourceVersionDate "2001.09.13"]
[SourceQuality "1"]

1. e4 c5 2. Nf3 d6 3. d4 cxd4 4. Nxd4 Nf6 5. Nc3 a6 6. Be3 e6 7. Be2 Qc7 8. O-O
b5 9. a4 b4 10. Na2 Nxe4 11. c3 (11. Nxb4 Nd7 12. f4 d5 13. c3 Bb7 14. Bd3 Be7
15. Qe2 Ndc5 16. Bc2 O-O 17. Nd3 Rfe8 18. Kh1 Bf8 19. Rae1 {1-0 Votava,
J-Dydyshko,V/Schoeneck/1996/ (37)}) 11... b3 (11... bxc3 $6 12. Rc1 $40) 12.
Qxb3 (12. Nb4 Nd7 (12... d5 13. f3 Nf6 14. f4 Bd6 15. Nd3 O-O 16. Qxb3 Nbd7 17.
Rac1 Nc5 18. Nxc5 Bxc5 19. Qd1 Bb7 20. b4 Ba7 21. Bd3 {1-0 Lanka,Z-Stohl,I/
Koszalin/1999/ (38)}) 13. f4 Ndf6 14. a5 Bb7 15. c4 Be7 16. f5 d5 17. Qxb3 Nc5
18. Qa2 e5 19. Nb3 d4 20. Nxc5 Bxc5 21. Qa4+ {1-0 Antoniewski,R-David,P/CZE/
2000/ (52)}) 12... Be7 13. Bf3 Bb7 (13... d5 $6 14. c4 $14) 14. Qc2 Nf6 (14...
d5 15. Rac1 Bd6 16. h3 O-O 17. c4 Rc8 18. Rfd1 $11) 15. Bxb7 Qxb7 16. b4 O-O
17. b5 $6 {Shirov is not suspecting, that the miserable location of the knight
a2 will cost him dearly.} (17. c4 Rc8 18. Rfc1 Nbd7 19. Qe2 $11) 17... Ng4 18.
Bf4 (18. Qe2 Nxe3 19. fxe3 d5 20. c4 dxc4 21. Qxc4 Qe4 $15) (18. Bd2 Ne5 $15)
18... e5 19. Qe2 exd4 (19... Nxh2 20. Bxh2 exd4 21. Rfe1 $14) 20. Qxg4 axb5 21.
axb5 (21. cxd4 Rxa4 $17) 21... Qxb5 22. cxd4 (22. Rfe1 Qb2 23. Qd1 Rxa2 24.
Rxa2 Qxa2 25. Rxe7 dxc3 $17) 22... Qc4 $1 {[%mdl 2048] Despite the simple
character of the position black is much better, since he fully dominates
knight a2.} 23. Rae1 (23. Rfc1 Qxd4 24. Re1 Nc6 $17) 23... Nc6 (23... Rxa2 24.
Rxe7 Qxd4 25. Qg3 Nc6 $17) 24. Nc1 (24. Rc1 Qxd4 25. Rfd1 Qf6 26. Nc3 Ne5 $15)
24... Qxd4 25. Ne2 (25. Qf3 Rfc8 26. Rd1 Qb4 $17) 25... Qa4 26. Qg3 (26. Qf3
Ne5 27. Qg3 Ra5 28. Nc3 Qd7 $17) 26... Rfd8 27. Nc3 Qb3 28. Re3 (28. Rb1 Qc4
29. Rfc1 d5 $17) 28... d5 $1 {Another excellent move, modest d pawn turns into
a dangerous marching machine.} 29. Bh6 (29. Ne2 Qb4 $17) 29... Bf8 30. Ne4 Qb2
31. Nc5 (31. Bg5 dxe4 32. Bxd8 Rxd8 33. Rxe4 f5 $19) 31... Bxc5 32. Rc3 Bxf2+ (
32... Bd4 33. Rxc6 Re8 34. Be3 Ra1 $19) 33. Rxf2 Ra1+ 34. Rf1 Qb6+ 35. Re3 (35.
Be3 Rxf1+ 36. Kxf1 Qb1+ 37. Rc1 Qd3+ $19) 35... Rxf1+ 36. Kxf1 Qd4 37. Qc7 (37.
Bg5 Ra8 $19) 37... Qc4+ (37... Qc4+ 38. Kf2 gxh6 $19) 0-1